| 000 | 01255nam a22003017a 4500 | ||
|---|---|---|---|
| 999 |
_c21524 _d21524 |
||
| 003 | AR-CdUCM | ||
| 008 | 190220b ||||| |||| 00| 0 spa d | ||
| 020 | _a9786123171896 | ||
| 040 |
_aMUNICIPALIDAD PROVINCIAL DEL CUSCO _cBIBLIOTECA MUNICIPAL DEL CUSCO |
||
| 082 |
_a985.017/P87 _bP87 |
||
| 100 |
_aProtzen, Jean Pierre _945231 |
||
| 245 |
_aLas piedras de Tiahuanaco : _barquitectura y construcción de un centro megalítico andino / _cJean-Pierre Protzen, Stella Nair ; [traducción, Jimena Ledgard]. |
||
| 260 |
_aLima. _bPontificia Universidad Católica del Perú, _c2016. |
||
| 300 |
_a381 páginas. : _bilustraciones, mapas, planos ; _c24 cm. |
||
| 500 |
_aTraducción de: The stones of Tiahuanaco : a study of architecture and construction.
Incluye índice onomástico. _zBibliografía: p. [359]-367. |
||
| 650 |
_aCultura Tiahuanaco _97608 |
||
| 650 |
_aAntigüedades _930188 |
||
| 650 |
_aArquitectura precolombina _945232 |
||
| 650 |
_aCanteras y cantería _945233 |
||
| 650 |
_aMampostería _945234 |
||
| 650 |
_aAltiplano _99120 |
||
| 650 |
_aÉpoca Prehispánica _92714 |
||
| 650 |
_aPerú _945235 |
||
| 650 |
_aBolivia _91138 |
||
| 710 |
_aPontificia Universidad Católica del Perú _9400 |
||
| 942 |
_2ddc _cLIBROS |
||
| 945 | _aRoel | ||